<?xml version="1.0" encoding="UTF-8"?>
<record
    xmlns:xsi="http://www.w3.org/2001/XMLSchema-instance"
    xsi:schemaLocation="http://www.loc.gov/MARC21/slim http://www.loc.gov/standards/marcxml/schema/MARC21slim.xsd"
    xmlns="http://www.loc.gov/MARC21/slim">

  <leader>01539nam a2200217 a 4500</leader>
  <controlfield tag="001">ASIN8189866826</controlfield>
  <controlfield tag="003">OSt</controlfield>
  <controlfield tag="005">20150408114141.0</controlfield>
  <controlfield tag="008">131001s2008    xxu                 eng d</controlfield>
  <datafield tag="020" ind1=" " ind2=" ">
    <subfield code="a">8189866826 (paperback)</subfield>
    <subfield code="c">$32.00</subfield>
  </datafield>
  <datafield tag="020" ind1=" " ind2=" ">
    <subfield code="a">9788189866822 (paperback)</subfield>
  </datafield>
  <datafield tag="040" ind1=" " ind2=" ">
    <subfield code="a">Ma-Un</subfield>
  </datafield>
  <datafield tag="082" ind1=" " ind2=" ">
    <subfield code="2">22</subfield>
    <subfield code="a">005.133</subfield>
  </datafield>
  <datafield tag="100" ind1="1" ind2=" ">
    <subfield code="a">Muniswamy, V V.</subfield>
    <subfield code="9">37522</subfield>
  </datafield>
  <datafield tag="245" ind1="1" ind2="0">
    <subfield code="a">Data structures through java /</subfield>
    <subfield code="c">V V Muniswamy.</subfield>
  </datafield>
  <datafield tag="260" ind1=" " ind2=" ">
    <subfield code="a"> New Delhi :</subfield>
    <subfield code="b">I K International Publishing House,</subfield>
    <subfield code="c">2008.</subfield>
  </datafield>
  <datafield tag="300" ind1=" " ind2=" ">
    <subfield code="a">404 p. ;</subfield>
    <subfield code="c">24 cm.</subfield>
  </datafield>
  <datafield tag="520" ind1=" " ind2=" ">
    <subfield code="a">This book is designed for the way we learn and intended for one-semester course in Data Structures through Java. This is a very useful guide for graduate and undergraduate students and teachers of Computer Science. This modern object-oriented approach to data structures helps students make the transition from a first course in programming to an integrated under-standing of data structures and their applications. Carefully developing topics with sufficient detail, this text enables students to learn about concepts on their own, offering instructors' flexibility and allowing them to use the text as lecture reinforcement. It includes an exhaustive introduction to algorithms, an integral part of understanding data structures, and uses Java syntax and structure in the design of data structures. Its breadth of coverage insures that data structures and algorithms are carefully and comprehensively discussed.</subfield>
  </datafield>
  <datafield tag="650" ind1=" " ind2=" ">
    <subfield code="a">Java (Computer program language)</subfield>
    <subfield code="9">3299</subfield>
  </datafield>
  <datafield tag="942" ind1=" " ind2=" ">
    <subfield code="2">ddc</subfield>
    <subfield code="c">BOOK</subfield>
  </datafield>
  <datafield tag="999" ind1=" " ind2=" ">
    <subfield code="c">31073</subfield>
    <subfield code="d">265573</subfield>
  </datafield>
  <datafield tag="952" ind1=" " ind2=" ">
    <subfield code="1">0</subfield>
    <subfield code="2">2013-10-08</subfield>
    <subfield code="4">0</subfield>
    <subfield code="7">0</subfield>
    <subfield code="a">005.133 MVD</subfield>
    <subfield code="c">n1</subfield>
    <subfield code="d">2013-10-08</subfield>
    <subfield code="h">CL</subfield>
    <subfield code="i">00451309</subfield>
    <subfield code="m">CL</subfield>
    <subfield code="r">2013-10-08 00:00:00</subfield>
    <subfield code="t">BOOK</subfield>
    <subfield code="w">ddc</subfield>
    <subfield code="y">0</subfield>
  </datafield>
  <datafield tag="952" ind1=" " ind2=" ">
    <subfield code="1">0</subfield>
    <subfield code="2">2013-10-08</subfield>
    <subfield code="4">0</subfield>
    <subfield code="7">0</subfield>
    <subfield code="a">005.133 MVD</subfield>
    <subfield code="c">n1</subfield>
    <subfield code="d">2013-10-08</subfield>
    <subfield code="h">CL</subfield>
    <subfield code="i">00451308</subfield>
    <subfield code="m">CL</subfield>
    <subfield code="r">2013-10-08 00:00:00</subfield>
    <subfield code="t">BOOK</subfield>
    <subfield code="w">ddc</subfield>
    <subfield code="y">0</subfield>
  </datafield>
  <datafield tag="952" ind1=" " ind2=" ">
    <subfield code="1">0</subfield>
    <subfield code="2">2013-10-08</subfield>
    <subfield code="4">0</subfield>
    <subfield code="7">0</subfield>
    <subfield code="a">005.133 MVD</subfield>
    <subfield code="c">n2</subfield>
    <subfield code="d">2013-10-08</subfield>
    <subfield code="h">CL</subfield>
    <subfield code="i">00451307</subfield>
    <subfield code="m">CL</subfield>
    <subfield code="r">2013-10-08 00:00:00</subfield>
    <subfield code="t">BOOK</subfield>
    <subfield code="w">ddc</subfield>
    <subfield code="y">0</subfield>
  </datafield>
  <datafield tag="952" ind1=" " ind2=" ">
    <subfield code="1">0</subfield>
    <subfield code="2">2013-10-08</subfield>
    <subfield code="4">0</subfield>
    <subfield code="7">0</subfield>
    <subfield code="a">005.133 MVD</subfield>
    <subfield code="c">n2</subfield>
    <subfield code="d">2013-10-08</subfield>
    <subfield code="h">CL</subfield>
    <subfield code="i">00451306</subfield>
    <subfield code="m">CL</subfield>
    <subfield code="r">2013-10-08 00:00:00</subfield>
    <subfield code="t">BOOK</subfield>
    <subfield code="w">ddc</subfield>
    <subfield code="y">0</subfield>
  </datafield>
  <datafield tag="952" ind1=" " ind2=" ">
    <subfield code="1">0</subfield>
    <subfield code="2">2013-10-08</subfield>
    <subfield code="4">0</subfield>
    <subfield code="7">1</subfield>
    <subfield code="a">005.133 MVD</subfield>
    <subfield code="c">n3</subfield>
    <subfield code="d">2013-10-08</subfield>
    <subfield code="h">CL</subfield>
    <subfield code="i">00451305</subfield>
    <subfield code="m">CL</subfield>
    <subfield code="r">2013-10-08 00:00:00</subfield>
    <subfield code="t">BOOK</subfield>
    <subfield code="w">ddc</subfield>
    <subfield code="y">0</subfield>
  </datafield>
  <datafield tag="952" ind1=" " ind2=" ">
    <subfield code="1">0</subfield>
    <subfield code="2">2013-10-08</subfield>
    <subfield code="4">0</subfield>
    <subfield code="7">1</subfield>
    <subfield code="a">005.133 MVD</subfield>
    <subfield code="c">n3</subfield>
    <subfield code="d">2013-10-08</subfield>
    <subfield code="h">CL</subfield>
    <subfield code="i">00451304</subfield>
    <subfield code="m">CL</subfield>
    <subfield code="r">2013-10-08 00:00:00</subfield>
    <subfield code="t">BOOK</subfield>
    <subfield code="w">ddc</subfield>
    <subfield code="y">0</subfield>
  </datafield>
</record>
